| 000 | 00890nam a22003017a 4500 | ||
|---|---|---|---|
| 003 | CHAP | ||
| 005 | 20220817042726.0 | ||
| 008 | 971013s1965 r 00010 d | ||
| 010 | _a53568 | ||
| 011 | _a54540 | ||
| 035 | _a58691 | ||
| 040 | _cCHAP | ||
| 090 | _aFolleto 5530 | ||
| 100 | 0 | 0 |
_aRueda Cassinello, Francisco. _9100549 |
| 245 | _aPlantación de almendros en secano | ||
| 260 |
_aMadrid : _bMinisterio de Agricultura, _c1965 |
||
| 300 |
_a23 p. _b: ilus. |
||
| 490 |
_aHojas divulgadoras _v; 16-65 |
||
| 590 |
_aBATCH-UPD _b10 _c20130110 _lUCH01 _h0255 |
||
| 590 |
_aBATCH-UPD _b10 _c20130110 _lUCH01 _h2235 |
||
| 590 |
_aCONVERSION _b10 _c20130109 _lUCH01 _h1329 |
||
| 650 | 1 | 4 |
_aAlmendro. _94517 |
| 650 | 1 | 4 |
_aCultivos de secano. _930373 |
| 830 | 0 |
_aHojas divulgadoras _v; 16-65 |
|
| 901 | _aBK | ||
| 942 | _cFOLL | ||
| 949 |
_aFolleto 5530 _bBC _cFOLL _d-127268 _eTS1 _i58691 _si |
||
| 999 |
_c53568 _d53568 |
||